000 00601nam a22001937a 4500
008 131008b xxu||||| |||| 00| 0 ger d
020 _a3540061398
041 0 _ager
080 _a004.72
100 1 _aHofer, Herbert
245 1 0 _aDatenfernverarbeitung /
_cHerbert Hofer
260 _aNew York :
_bSpringer Verlag ;
_c1973
300 _a200 f. :
_bme il. ;
_c20 cm.
490 _aHeidelberger Taschenbücher
500 _aVorwort V-VII
650 0 _aRrjetet kompjuterike
650 0 _aArkitektura e rrjeteve
942 _2udc
_cBK
999 _c48
_d48